000 00351nam a2200157Ia 4500
003 OSt
005 20240521123740.0
008 170524s9999 xx 000 0 und d
020 _a978-1259001710
040 _ciimtu
100 _aAryasari- A.K.
245 0 _aEngineering & Managerial Economics
260 _bTMH
260 _c2011
942 _2ddc
_c02
999 _c5943
_d5943